000 01378nam a22002057a 4500
005 20230911153236.0
010 _aB-750453-462 HIN-125770
020 _a9789352535675
_c499.00
035 _aB-750453-462 Hn-98116
037 _bवैभव पब्लिकेशन
082 _a510
100 _aअग्रवाल,आर.एस.
_956243
245 _aअंकगणित :
_bप्रतियोगी परीक्षाओं के लिए विषयात्मक एंव वस्तुनिष्ठ प्रश्नों सहित /
_cआर.एस.अग्रवाल एंव दीपकअग्रवाल
260 _aनई दिल्ली
_bएस चन्द एण्ड कम्पनी
_c2017
270 _a7361,राम नगर,कुतुब रोड,
_bनई दिल्ली
_e110055
_mwwwshandpublishing.com
300 _aवि पृ.
_c26 सेमी.(अजिल्द)
700 _aआग्रवाल,दीपक
_955805
942 _2ddc
_cHN
_h000
_mअग्रवा
999 _c194771
_d194771